| 000 | 00691nam a2200229 a 4500 | ||
|---|---|---|---|
| 005 | 20241113063721.0 | ||
| 008 | 010921s2000 es r 000 0 spa d | ||
| 020 | _a8495114143 | ||
| 035 | _aUPN01000111857 | ||
| 049 | _aCG | ||
| 050 | 4 |
_aRA781.5 _bA7.3 |
|
| 100 | 1 | _aAragunde Soutullo, José Luis | |
| 245 | 1 | 0 |
_aEducación postural / _cJosé Luis Aragunde Soutullo, José Ma. Pazos Couto. |
| 260 |
_aBarcelona, Esp. : _bINDE, _c2000. |
||
| 300 |
_a102 p. _bil. |
||
| 440 | 0 | _aBiblioteca temática del deporte | |
| 650 | 4 | _aPOSTURA HUMANA | |
| 650 | 4 |
_aEducación para la salud _95249 |
|
| 650 | 2 |
_aEjercicio _919522 |
|
| 700 | 1 |
_aPazos Couto, José María, _ecoaut. |
|
| 905 | _aLibro | ||
| 999 |
_c85765 _d85765 |
||